| 000 | 00767nam a2200265Ia 4500 | ||
|---|---|---|---|
| 001 | Z_4819 | ||
| 003 | CHAP | ||
| 005 | 20221111143630.0 | ||
| 008 | 220113s1977 xx 000 0 und d | ||
| 010 | _a167872 | ||
| 040 | _cCHAP | ||
| 082 | _a580.3 D5y | ||
| 245 | 0 |
_aDiccionario de botánica / _cdirección P. Font Quer |
|
| 260 |
_aBarcelona : _bLabor, _c1977 |
||
| 300 | _axxxii, 1244 páginas ; ilustraciones | ||
| 500 | _aSeguido de un vocabulario ideológico en el que se ordenan conceptualmente las voces del diccionario | ||
| 503 | _aej.1: 52403 | ||
| 650 |
_aBotánica _xDiccionarios _914530 |
||
| 700 |
_9185653 _aFont y Quer, Pio |
||
| 901 | _aC 580.3 D5y | ||
| 902 | _aA | ||
| 910 | _a1977 | ||
| 942 |
_cLIBRO _2ddc |
||
| 942 | _2ddc | ||
| 999 |
_c167872 _d167872 |
||